| 000 | 01388nam a2200145 4500 | ||
|---|---|---|---|
| 008 | 708.009 C268t | ||
| 020 | _a9789978328224 | ||
| 082 |
_a708.009 _bC268t |
||
| 100 |
_aCardoso, Pablo _93119 |
||
| 245 |
_aPablo Cardoso: _bTeoría para actuar antes de tiempo |
||
| 260 |
_aQuito, Ecuador _bHominem Editores _c2013 |
||
| 300 |
_a240 p. _bil (col) _c21,5 x 30 cm |
||
| 505 |
_tPalabras del Alcalde del Distrito Metropolitano de Quito _tPablo Cardoso: obrero sin tiempo _rAna Rodríguez _tTeoría para actuar antes de tiempo _rAna Rosa Valdez _tEl ejercicio de la pintura es un acto de resistencia (Entrevista a Pablo Cardoso) _rAna Rosa Valdez _tPablo Cardoso: obras 1987 - 2013 _tObras en papel _tArte de entretiempo _rCristóbal Zapata _tAntología de textos críticos _tLos abismos de la piel _rCristóbal Zapata _tTierra liminar: aproximaciones a la obra reciente de Pablo Cardoso _rRodolfo Kronfle Chambers _tPablo Cardoso: impresiones de un trayecto _rLupe Alvarez _tPablo Cardoso: de Cuenca a São Paulo _rMaría del Carmen Carrión _tLos paisajes de la incertidumbre _rAmalina Bomnin _tMi habitación da a un volcán _rMónica Vorbeck _tMas allá de la deriva: Cardoso y el peregrinaje político _rRodolfo Kronfle Chambers _tProceso y documentación _tRecorrido por la exposición _tTrayectoria |
||
| 650 |
_xarte contemporáneo _xarte - exhibiciones _xarte - biografía _xEcuador _96998 |
||
| 999 |
_c1766 _d1766 |
||